000 01289ctm a2200253 i 4500
001 81229
003 BD-RjUL
005 20230214151507.0
008 230219s1942 xx 000 0 urd
035 _a(BD-RjUL)81229
040 _aDLC
_beng
_erda
_cDLC
_dDLC
041 _aurd
082 _223
_a297.14
_bSAK 19
100 1 _aSaid, Muhammad tr.
_d-1808.
_96991
245 1 0 _aخلاصة المسائل Khulāṣat al-masāʼil /
_cMuhammad Said محمد سعيد
246 3 0 _aKhulāṣat al-masāʼil
300 _a152 p. ;
_c23 cm.
561 _5DLC
650 _aIslamic Law
880 _6500-00/(3/r
_aIncipit: البسملة. الحمد لله الذي رسم ببديع حكمته قواطع الادلة على صفحات الموجودات وشرح بهدايته لمعرفاتها صدور اهل عنايته وهداهم بها الى بيان القبلة والاوقات ...
880 _6500-00/(3/r
_aExplicit/Colophon: هذا اخر ما يسر الله تعالى ايراده من هدا الشرح والحمد لله رب العالمين وصلى الله على سيدنا محمد خاتم النبيين وامام المرسلين وعلى اله اجمعين.
942 _2ddc
_cBK
999 _c81229
_d81229